<?xml version="1.0" encoding="UTF-8"?>
<record
    xmlns:xsi="http://www.w3.org/2001/XMLSchema-instance"
    xsi:schemaLocation="http://www.loc.gov/MARC21/slim http://www.loc.gov/standards/marcxml/schema/MARC21slim.xsd"
    xmlns="http://www.loc.gov/MARC21/slim">

  <leader>01624nam a22001817a 4500</leader>
  <controlfield tag="008">121009t        xxu||||| |||| 00| 0 eng d</controlfield>
  <datafield tag="020" ind1=" " ind2=" ">
    <subfield code="a">8185461295</subfield>
  </datafield>
  <datafield tag="050" ind1=" " ind2=" ">
    <subfield code="a">HF5548.8.D27</subfield>
  </datafield>
  <datafield tag="100" ind1=" " ind2=" ">
    <subfield code="a">Davar, Rustom S.</subfield>
  </datafield>
  <datafield tag="245" ind1=" " ind2=" ">
    <subfield code="a">The Human side of management. /</subfield>
    <subfield code="c">Rustom S. Davar and Dale Yoder</subfield>
  </datafield>
  <datafield tag="260" ind1=" " ind2=" ">
    <subfield code="a">New Delhi:</subfield>
    <subfield code="b">Univversal Book Stall,</subfield>
    <subfield code="c">c1997.</subfield>
  </datafield>
  <datafield tag="300" ind1=" " ind2=" ">
    <subfield code="a">xvi, 316 p.:</subfield>
    <subfield code="b">ill.;</subfield>
    <subfield code="c">21cm.</subfield>
  </datafield>
  <datafield tag="500" ind1=" " ind2=" ">
    <subfield code="a">Includes index.</subfield>
  </datafield>
  <datafield tag="505" ind1=" " ind2=" ">
    <subfield code="a">Contents: Management of human resources: The Human side of enterprise -- Behavioural sciences for personnel managers -- The Two roads to success in industrial relations -- Executive development in India -- Management or leadership? -- Authority and leadership: The Nature of authority -- Leadership -- Some aspects of leadership qualities -- Are you the kind of boss people want to work for? -- Motivation: Motivation: the core of management -- Motivation: what makes Sammy run? -- Non-financial incentives: a management motivation analysis -- Executive motivation - a behavioural science approach -- How to match executive motivation to executive age -- How to mismanage managers -- Leadership styles: Democratic leadership for employee initiative -- Managerial grid -- An International study of management attitudes and democratic leadership -- Comment: leadership and language -- The Right approach?: How do you score on leadership? -- Management and motivation: releasing human potential -- The Scope for human relations in India -- Motivation is not enough -- Challenges for intellectual leadership in management.</subfield>
  </datafield>
  <datafield tag="650" ind1=" " ind2=" ">
    <subfield code="b">Leadership</subfield>
  </datafield>
  <datafield tag="700" ind1=" " ind2=" ">
    <subfield code="a">Yoder, Dale,</subfield>
  </datafield>
  <datafield tag="942" ind1=" " ind2=" ">
    <subfield code="2">lcc</subfield>
    <subfield code="c">BK</subfield>
  </datafield>
  <datafield tag="999" ind1=" " ind2=" ">
    <subfield code="c">2411</subfield>
    <subfield code="d">9911</subfield>
  </datafield>
  <datafield tag="952" ind1=" " ind2=" ">
    <subfield code="0">0</subfield>
    <subfield code="1">0</subfield>
    <subfield code="2">lcc</subfield>
    <subfield code="4">0</subfield>
    <subfield code="7">0</subfield>
    <subfield code="a">WIUC-1</subfield>
    <subfield code="b">WIUC-1</subfield>
    <subfield code="c">REF</subfield>
    <subfield code="d">2012-10-09</subfield>
    <subfield code="l">0</subfield>
    <subfield code="o">HF5548.8.D27</subfield>
    <subfield code="p">6403/12</subfield>
    <subfield code="r">2012-10-09 00:00:00</subfield>
    <subfield code="w">2012-10-09</subfield>
    <subfield code="y">BK</subfield>
  </datafield>
</record>
